Linia nr 19 MZK Zielona Góra - Statystyki

Ogólne statystyki
  • Ten quiz został rozwiązany 46 razy
  • Średni wynik to 10 z 17
Statystyki odpowiedzi
Minity Przystanki % Poprawnych
14 Centrum
82%
12 Dworzec Główny
79%
27 Os.Czarkowo
74%
2 Os.Pomorskie
74%
10 Staszica
74%
4 Lotnik
71%
8 Szpital
68%
16 Batorego/Dworcowa
65%
3 Gajowa [NŻ]
56%
6 UZ - Campus A
53%
21 Rzeźniczaka
50%
20 Źródlana
50%
26 Os.Czarkowo I
44%
0 Os.Mazurskie
44%
24 Os.Na Olimpie
44%
23 Rondo Batorego
44%
18 Batorego szkoła
26%
Nie znaleziono quizów pasujących do podanych kryteriów
Rozkład punktacji
Procent ludzi z każdym wynikiem
Percentyl według liczby udzielonych odpowiedzi
Twoja historia wyników
Nie rozwiązałeś tego quizu